000 00285nam a22001337a 4500
008 180122b xxu||||| |||| 00| 0 eng d
020 _a9780137133147
041 _aeng
080 _a82
100 _a22
101 _aGJU
245 _aPRENTICE LITERATURE
_cJAME.G
942 _2udc
_cBK
999 _c40643
_d40643